| 000 | 00875nam a2200277 i 4500 | ||
|---|---|---|---|
| 001 | 6918 | ||
| 003 | ES-MaACL | ||
| 005 | 20230906145124.0 | ||
| 007 | t| | ||
| 008 | 900712s1987 sp ||||1| spa d | ||
| 020 | _a84-345-8458-1 | ||
| 080 | _a502:55.07 | ||
| 080 | _a55.07 | ||
| 100 | 1 |
_aEhrlich, Paul R. _946795 |
|
| 245 | 1 | 0 |
_aExtincion _b: la desaparicion de las especies vivientes en el planeta / _cP.R. Ehrlich, A.H. Ehrlich. |
| 260 |
_aBarcelona : _bSalvat, _cD.L. 1987. |
||
| 300 |
_a2 v. ; _c19 cm. |
||
| 490 | 1 |
_aBiblioteca científica Salvat ; _v97 ; 98 |
|
| 500 | _aIndice de terminos. | ||
| 650 | 1 | 4 |
_aNaturaleza- _xProtección. _915485 |
| 650 | 1 | 4 |
_aEcología. _911995 |
| 700 | 1 |
_aEhrlich, Anne H. _946790 |
|
| 830 | 0 |
_aBiblioteca científica Salvat ; _v97 ; 98 _9177703 |
|
| 852 |
_aES-MaACL _jL-14177-8 _bR.117765 _z. - rust. |
||
| 999 |
_c6918 _d6918 |
||